000 00536nam a2200205Ia 4500
005 20250703125527.0
008 008 250516s9999 xx 000 0 eng d
020 _a9781009014809
040 _beng
_cSDCL
041 _aeng
_2eng
084 _aD6,8(B289PY) R3
100 _aStewart, John M.
245 0 _aPython for scientists
250 _a3rd ed.
260 _aNew Delhi :
_bCambridge University Press,
_c2023.
300 _ax, 288p.
650 _aBiophysics
700 _aMommert, Michael
_9809879
942 _cTEXL
_2CC
999 _c1430086
_d1430086